000
00302nam a22001337a 4500
008
170306b xxu||||| |||| 00| 0 eng d
020
_a
9780801861406
041
_a
eng
080
_2
3RD
_a
575
100
_a
6
101
_a
SHM
245
_a
ANALYSIS OF HUMAN GENETICS LINKAGE
_c
OTT, J
942
_2
udc
_c
BK
999
_c
6821
_d
6821